000
00320nam a22001337a 4500
020
_a
0-07-01516-2
082
_a
658 DAL'M
100
_a
DALE, ERNUST
_9
77532
245
_a
MANAGEMENT THEORY AND PRACTICE
260
_a
TOKYO
_b
MCGRAW HILL
_c
1973
300
_a
800P
650
_a
INDUSTRIAL MANAGEMENT
_9
9469
942
_c
BK
999
_c
582796
_d
582796